Quizzes
Events
Quiz Creation
Community
Videos
Private Events
Remove Ads
Sign In
Join for FREE
Feedback
Dark Mode
Quiz Categories
Sports
Geography
Music
Movies
Television
Just For Fun
Miscellaneous
History
Literature
Language
Science
Gaming
Entertainment
Religion
Holiday
For Kids
Quiz Lab
Recent
Popular Today
Quiz Kudos Today
Editor Picks
Curator Picks
Quizzes by...
Day
Popularity
Type
Ratings
Length
Year
Community
Subscriptions
Recent Discussions
Orange Saloon
Badges
Playlists
Quests
Create
Leaderboards
Showdown
Live 5
Trivia Bingo
Activity
Puzzle Library
Sporcle Events
Private Events
Virtual Trivia
Globe League
Become a Host
Pub Owners
SporcleCon
Opinionation
Our Games
Videos
Blog
Mobile Apps
Partnerships
Remove Ads and Go Orange
Feedback
Geography
Country
Landmarks
City
State
Population
World
Capital
Continent
Flags
Europe
Africa
Asia
South America
North America
Oceania
Border
Canada
United Kingdom
Topography
United States
Geography
Country
Landmarks
City
State
Population
World
Capital
Continent
Flags
Europe
Africa
Asia
South America
North America
Oceania
Border
Canada
United Kingdom
Topography
United States
Random Quiz
Search Sporcle
×
Quiz Lab
Quiz Lab
Geography
State
Type in answers that appear in a list
Type in answers that appear in a list
Classic
Best Score? Go Orange.
State Quiz: Florida Stats
Can you name the facts about Florida?
By
soldamerican
4m
35 Questions
1,926 Plays
1,926 Plays
1,926 Plays
Comments
Comments
Give Quiz Kudos
Give Quiz Kudos
-
- Ratings
hide this ad
More Info
Replay
Link that replays current quiz
Next Quiz
Link to next quiz in quiz playlist
You Got
0%
They Got
Avg Score
61%
Avg Friend Score
Upgrade to see
Score Distribution
Jump to the score distribution portion of the page
Score
0/35
Timer
04:00
0
Plays Today
Hint
Answer
% Correct
State Abbreviation
FL
97.3%
Nickname
The Sunshine State
91%
Capital City
Tallahassee
89.7%
Largest Metro Area (pop.)
Miami–Fort Lauderdale–Pompano Beach Metropolitan Area
89.7%
Bordering State
Georgia
89.4%
Bordering Body of Water
Atlantic Ocean
88.7%
Bordering State
Alabama
87.2%
Bordering Body of Water
Gulf of Mexico
86.6%
NFL Team
Miami Dolphins
78.7%
Largest City (pop.)
Jacksonville
78.2%
NBA Team
Miami Heat
75.2%
MLB Team
Miami Marlins
71.8%
NBA Team
Orlando Magic
69.8%
NFL Team
Jacksonville Jaguars
69.1%
MLB Team
Tampa Bay Rays
68.9%
Oldest City*
Saint Augustine
67.8%
Closest Foreign Country
Bahamas
67.7%
NFL Team
Tampa Bay Buccaneers
67.7%
Hint
Answer
% Correct
# State to Enter Union
27th
62.9%
Discovered By*
Ponce De Leon
62.9%
Number of Representatives
27
62.8%
NHL Team
Florida Panthers
55%
NHL Team
Tampa Bay Lightning
55%
Demonym
Floridian
53.8%
Current Governor
Rick Scott
48.4%
Largest Lake
Lake Okeechobee
47.2%
State Population Rank
4th
38.1%
Current Senator
Marco Rubio
36%
Longest River
Saint Johns
33.8%
State Bird
Mockingbird
33.3%
Year of Statehood
1845
30.1%
State Flower
Orange Blossom
26%
Current Senator
Clarence William Nelson
25.6%
State Motto
In God We Trust
21.1%
Highest Point
Britton Hill
10%
Quiz Playlist
Details
Report
Send in Message
Add To Playlist
More Info:
*answers marked with * are historically debated, but are the most common in line with popular legend.
Classic:
Type in answers that appear in a list
Quiz Source
Last Updated: Sep 5, 2017
Quiz Scoreboard
CHALLENGE
Sign Up to Join the Scoreboard
Show All
Scores
Hide
Comments
May contain spoilers
Recently Published
Alphabetical 'K' Countries by Flag Minefield
by ylime102
Geography
3m
Pick 6: Fruits
by JohnFran
Miscellaneous
15s
Click the 1999 NBA Draft
by nibperrychub
Sports
2m
More to Explore
Quiz From the Vault
Featured Blog Post
15 Basketball Trivia Facts You Can Be March Mad About
hide this ad
You Might Also Like...
Tags
State Quiz
florida
Today's Top Quizzes in Geography
Browse Geography
hide this ad
Today's Top Quizzes in State
Browse State
Top Contributed Quizzes in Geography
1
Complete the Map Snippet (Minefield) IX
2
Countries of the World - No Outlines Minefield
3
Alphabetical 'B' Countries by Flag Minefield
4
Find the Landmarks A-Z
5
Alphabetical 'L' Countries By Flag Minefield
6
Countries of Africa - No Outlines, No Skips Minefield
7
Alphabetical 'A' Countries by Flag Minefield
8
Pick 6: Mountains
9
30 Pics in 60: Landmarks
10
Alphabetical 'N' Countries by Flag Minefield
Explore More
Trending Topics
Harry Potter
Anime
Marvel
Crossword
Disney
Kpop
NBA
NFL
Soccer
Song
The Office
WWE
Country
Puzzle
Pokémon
hide this ad
More By:
soldamerican
Quiz
Plays
Rating
Category
Featured
Created
State Quiz: Florida
1,926
4.31
Geography
May 9, 2010
Florida county seats
1,108
5.00
Geography
Mar 17, 2010
MLB teams by airport code
520
4.71
Sports
Mar 21, 2010
MLB Cryptogram
371
4.60
Sports
Oct 3, 2010
Rivers by US city
255
4.75
Geography
Apr 4, 2010
Go to Creator's Profile
Score Distribution
Quiz Creator Spotlight
soldamerican
Follow
Send a Message
Quizzes Created
-
Created Quiz Play Count
-
More By This Creator
Popular Quizzes Today
1
Find the US States - No Outlines Minefield
2
Countries of Asia Without Outlines Minefield
3
Pick 6: Fruits
4
Alphabetical 'K' Countries by Flag Minefield
5
The Countries of the World
6
Click the 1999 NBA Draft
7
Find the US States
8
Match the Book to the Film X
More Geography Quizzes
Anything but Niamey
Quiz Lab
Trending Quizzes
Pick 6: Harry Potter
Pick 6: Mountains
Pick 6: NFL Teams
Pick 6: Golfers
Pick 6: Movie Franchises
Recently Updated
Women's Final Four Teams by Year
bhenderson79
Presidents Quartet II
eogle
Anything But Clue(do)
eogle
Anything But Oceanian Capitals
eogle
Anything But 7
eogle
Anything But Thing
eogle
Word Ladder: February 29
pecheneg
Song Title Questions
pecheneg
Women's NCAA Tournament #1 Seeds
pecheneg
Celebrity Mug Shots
pecheneg
Trending Topics
Disney
Harry Potter
Marvel
Anime
Kpop
Crossword
NBA
Soccer
WWE
Pokémon
Country
Puzzle
NFL
The Office
Song
Your Account Isn't Verified!
In order to create a playlist on Sporcle, you need to verify the email address you used during registration. Go to your
Sporcle Settings
to finish the process.
Report this User
Report this user for behavior that violates our
Community Guidelines
.
Details:
Send Report
Go to the Sporcle.com Mobile Site →
Comments